1020 1371 1419 1539 1635 1158 1507 1207 1649 1802 1152 1502 1126 1423 1687 1336 1368 1168 1523 1229 1492 1198 1311 1925 1625 1639 1135 1187 1665 1079 1925 1059 1122 1079 1936 1803 1698 1426 1407 1968 1076 1811 1747 1474 1608 1763 1970 1826 1050 1737 1214 1413 1541 1920 1189 1981 1494 1478 1789 1653 1506 1930 1238 1567 1660 1273 1844 1786 1526 1333 1592 1982 1104 1326 1411 1290 1394 1392 1976 1920 1263 1510 1880 1492 2000 1121 1139 1678 1561 1137 1983 1888 1648 1008 1239 1259 1122 1610 1064 BCNSPRNW ULIB Ver.6.0+V

เปลี่ยนเป็นภาษาไทย

Change to English
 แสดงรายละเอียดบรรณานุกรม
  กลับหน้าหลัก

Brief Record : Get Marc (ISO 2709) : E-mail record : QR code < ปิดหน้าต่าง
LEADER : 00000nam 2200000uu 4500
001    13399128136
003     ULIB
008    220718s2563||||th 000 0 tha d
020    ^a9786164742871
060    ^aWY20.5^bจ152ก
100    ^aจรวย สุวรรณบำรุง
245    ^aกระบวนการวิจัย : การประยุกต์ใช้ทางสุขภาพและการพยาบาล Research Process : An Implementation for Health and Nursing/^cจรวย สุวรรณบำรุง
250    ^aพิมพ์ครั้งที่ 5
260    ^aนครศรีธรรมราช :^bก.พลการพิมพ์,^c2563
300    ^a358 หน้า^bภาพประกอบ
650    ^aการพยาบาล^xวิจัย
650    ^aวิจัย
945    ^p320^l0^i009063
945    ^p320^l0^i009064
945    ^p320^l0^i009065
945    ^p320^l0^i009066
945    ^p320^l0^i009067
945    ^p320^l0^i009068
945    ^p320^l0^i009069
945    ^p320^l0^i009070
945    ^p320^l0^i009071
999    ^aประนอม เกษจรัล
รายการนี้ยังไม่มีแท็ก
คุณยังไม่ได้ล็อกอิน คุณสามารถมีกิจกรรมร่วมกับเว็บไซต์ได้ แต่ต้องล็อกอินก่อน ::
  ล็อกอิน

รายการสื่อสารสนเทศ

ลำดับที่ ประเภท เลขเรียก/บาร์โค้ด สถานที่ สถานะ
1. Book การพยาบาล
หนังสือสำรอง
สถานะ=หนังสือสำรอง
WY20.5 จ152ก ฉ.1 
  Barcode: 009063
ห้องสมุดวิทยาเขตสวรรค์ประชารักษ์
►หนังสือทั่วไป
บนชั้น
2. Book การพยาบาล
Book การพยาบาล
WY20.5 จ152ก ฉ.2 
  Barcode: 009064
ห้องสมุดวิทยาเขตสวรรค์ประชารักษ์
►หนังสือทั่วไป
บนชั้น
3. Book การพยาบาล
Book การพยาบาล
WY20.5 จ152ก ฉ.3 
  Barcode: 009065
ห้องสมุดวิทยาเขตสวรรค์ประชารักษ์
►หนังสือทั่วไป
บนชั้น
4. Book การพยาบาล
Book การพยาบาล
WY20.5 จ152ก ฉ.4 
  Barcode: 009066
ห้องสมุดวิทยาเขตสวรรค์ประชารักษ์
►หนังสือทั่วไป
บนชั้น
5. Book การพยาบาล
Book การพยาบาล
WY20.5 จ152ก ฉ.5 
  Barcode: 009067
ห้องสมุดวิทยาเขตสวรรค์ประชารักษ์
►หนังสือทั่วไป
บนชั้น
6. Book การพยาบาล
Book การพยาบาล
WY20.5 จ152ก ฉ.6 
  Barcode: 009068
ห้องสมุดวิทยาเขตสวรรค์ประชารักษ์
►หนังสือทั่วไป
บนชั้น
7. Book การพยาบาล
Book การพยาบาล
WY20.5 จ152ก ฉ.7 
  Barcode: 009069
ห้องสมุดวิทยาเขตสวรรค์ประชารักษ์
►หนังสือทั่วไป
บนชั้น
8. Book การพยาบาล
Book การพยาบาล
WY20.5 จ152ก ฉ.8 
  Barcode: 009070
ห้องสมุดวิทยาเขตสวรรค์ประชารักษ์
►หนังสือทั่วไป
บนชั้น
9. Book การพยาบาล
Book การพยาบาล
WY20.5 จ152ก ฉ.9 
  Barcode: 009071
ห้องสมุดวิทยาเขตสวรรค์ประชารักษ์
►หนังสือทั่วไป
บนชั้น

รายการใกล้เคียง
    ผู้แต่ง [จรวย สุวรรณบำรุง]

    หัวเรื่อง [วิจัย]

BibComment


ยังไม่เคยถูกคอมเมนท์

คอมเมนท์ทรัพยากรรายการนี้
  คอมเมนท์: กระบวนการวิจัย ..


 Copyright 2026. Bcnsprnw @Library